| 000 | 01200cam a22003495i 4500 | ||
|---|---|---|---|
| 999 |
_c21419 _d21391 |
||
| 003 | EG-ScBUE | ||
| 005 | 20200224102341.0 | ||
| 008 | 160315t20142014ii a f bd 001 0 eng d | ||
| 020 | _a9788131526286 | ||
| 020 | _a8131526283 | ||
| 040 |
_aEG-ScBUE _beng _erda _cEG-ScBUE _dEG-ScBUE |
||
| 082 | 0 | 4 |
_a302.23072 _bWIM _222 |
| 100 | 1 |
_aWimmer, Roger D., _eauthor. _939558 |
|
| 245 | 1 | 0 |
_aMass media research : _ban introduction / _cRoger D. Wimmer, Wimmer Research, Joseph R. Dominick, University of Georgia. |
| 250 | _aTenth edition. | ||
| 264 | 1 |
_aDelhi : _bWadsworth / Cengage Learning, _c[2014] |
|
| 264 | 4 | _cc2014 | |
| 300 |
_axiii, 481 pages : _billustrations ; _c24 cm. |
||
| 336 |
_atext _btxt _2rdacontent |
||
| 337 |
_aunmediated _bn _2rdamedia |
||
| 338 |
_avolume _bnc _2rdacarrier |
||
| 490 | 0 | _aWadsworth series in mass communication and journalism | |
| 500 | _aIncludes glossary. | ||
| 504 | _aIncludes bibliographical references and index. | ||
| 650 | 7 |
_aMass media _xResearch. _2BUEsh _939559 |
|
| 651 | _2BUEsh | ||
| 653 |
_bCOMAME _cMarch2016 |
||
| 653 | _cFebruary2020 | ||
| 655 |
_vReading book _934232 |
||
| 700 | 1 |
_aDominick, Joseph R., _eauthor. _930296 |
|
| 942 |
_2ddc _cBB |
||